[Event "17th Aeroflot Open-A 2019"]
[Site "Moscow"]
[Date "2019.02.23"]
[Round "4.27"]
[White "Ghaem Maghami, Ehsan"]
[Black "Firouzja, Alireza"]
[Result "0-1"]
[WhiteElo "2540"]
[BlackElo "2618"]
[Annotator "RC"]
[PlyCount "100"]
[EventDate "2019.02.19"]
[EventCountry "RUS"]
[SourceTitle "playchess.com"]
[Source "ChessBase"]
[SourceQuality "1"]
[TimeControl "40/5400+30:1800+30"]

1. e4 {[%emt 0:01:08]} c5 {[%emt 0:04:26]} 2. Nf3 {[%emt 0:00:20]} Nc6 {[%emt 0:01:02]} 3. c3 {[%emt 0:04:50]} Nf6 {[%emt 0:00:29]} 4. e5 {[%emt 0:00:11]} Nd5 {[%emt 0:00:07]} 5. d4 {[%emt 0:01:49]} cxd4 {[%emt 0:00:07]} 6. cxd4 {[%emt 0:03:43]} d6 {[%emt 0:00:10]} 7. Bc4 {[%emt 0:00:05]} Nb6 {[%emt 0:05:00]} 8. Bb5 {[%emt 0:01:28]} Bd7 {[%emt 0:00:08]} 9. Nc3 {[%emt 0:17:14]} dxe5 {[%emt 0:00:29]} 10. dxe5 {[%emt 0:00:59]} g6 {[%emt 0:02:30]} 11. h3 {[%emt 0:06:59]} Bg7 {[%emt 0:01:47]} 12. Qe2 {[%emt 0:08:25]} Qc7 {[%emt 0:05:05]} 13. Bf4 {[%emt 0:05:11]} a6 {[%emt 0:03:07]} 14. Bd3 {[%emt 0:00:26]} O-O {[%emt 0:01:47]} 15. O-O {[%emt 0:08:52]} Rad8 {[%emt 0:02:23]} 16. Rac1 {[%emt 0:03:19]} Be6 {[%emt 0:00:31]} 17. Qe3 {[%emt 0:06:09]} Bc4 {[%emt 0:15:31]} 18. e6 {[%emt 0:04:52]} Qc8 {[%emt 0:02:33]} 19. Rfd1 {[%emt 0:15:57]} Bxd3 {[%emt 0:16:47]} 20. Qxb6 {[%emt 0:00:31]} Qxe6 {[%emt 0:03:28]} 21. Qxb7 {[%emt 0:00:30]} Rd7 {[%emt 0:06:17]} 22. Qb6 {[%emt 0:00:19]} Nd4 {[%emt 0:02:53]} 23. Qxe6 {[%emt 0:00:19]} Nxf3+ {[%emt 0:00:42]} 24. gxf3 {[%emt 0:00:05]} fxe6 {[%emt 0:00:03]} 25. Be3 {[%emt 0:03:45]} Rxf3 {[%emt 0:00:25]} 26. Rd2 {[%emt 0:03:29]} Rxh3 {[%emt 0:00:49]} 27. Rcd1 {[%emt 0:00:40]} Bxc3 {[%emt 0:00:07]} 28. Rxd3 {[%emt 0:00:05]} Rxd3 {[%emt 0:00:09]} 29. Rxd3 {[%emt 0:00:01]} Bxb2 {[%emt 0:00:25]} 30. Rd8+ {[%emt 0:00:32]} Kf7 {[%emt 0:00:14]} 31. Ra8 {[%emt 0:00:18]} Rh4 {[%emt 0:02:37]} 32. Rxa6 {[%emt 0:00:13]} Rc4 {[%emt 0:03:24]} 33. Kg2 {[%emt 0:03:15]} Bd4 {[%emt 0:01:32]} 34. Bxd4 {[%emt 0:00:16]} Rxd4 {[%emt 0:00:05]} 35. a4 {[%emt 0:00:07]} Rd3 {[%emt 0:00:53]} 36. a5 {[%emt 0:00:20]} Ra3 {[%emt 0:00:08]} 37. Ra8 {[%emt 0:00:10]} e5 {[%emt 0:01:18]} 38. a6 {[%emt 0:00:08]} e4 {[%emt 0:01:01]} 39. a7 {[%emt 0:01:44]} h5 {[%emt 0:01:08]} 40. Kh2 {[%emt 0:00:00]} Kg7 {[%emt 0:00:00]} 41. Kg2 {[%emt 0:00:57]} g5 {[%emt 0:02:06]} 42. Kh2 {[%emt 0:04:59]} g4 {[%emt 0:01:30]} 43. Re8 {[%emt 0:04:07]} Rxa7 {[%emt 0:00:18]} 44. Kg3 {[%emt 0:00:05]} Ra3+ {[%emt 0:03:11]} 45. Kf4 {[%emt 0:02:00]} Rf3+ {[%emt 0:00:52]} 46. Kg5 {[%emt 0:00:13]} e3 {[%emt 0:04:13]} 47. Rxe7+ {[%emt 0:00:45]} Kf8 {[%emt 0:00:08]} 48. Rxe3 {[%emt 0:00:08]} Rxe3 {[%emt 0:00:10]} 49. fxe3 {[%emt 0:00:04]} g3 {[%emt 0:00:04]} 50. Kxh5 {[%emt 0:00:07]} g2 {[%emt 0:00:08]} 0-1

[Event "17th Aeroflot Open-A 2019"]
[Site "Moscow"]
[Date "2019.02.23"]
[Round "4.28"]
[White "Van Foreest, Jorden"]
[Black "Xu, Yinglun"]
[Result "1/2-1/2"]
[WhiteElo "2618"]
[BlackElo "2512"]
[Annotator "TA"]
[PlyCount "61"]
[EventDate "2019.02.19"]
[EventCountry "RUS"]
[SourceTitle "playchess.com"]
[Source "ChessBase"]
[SourceQuality "1"]

{[%evp 19,61,50,51,26,36,8,43,45,41,39,41,47,46,0,0,1,0,0,6,-13,8,15,12,0,13,0,0,0,0,0,10,10,3,0,7,0,6,4,7,0,0,0,0,-7]} 1. e4 c5 2. Nf3 d6 3. d4 cxd4 4. Nxd4 Nf6 5. Nc3 a6 6. h3 e6 7. g4 d5 {B81: Sicilian Scheveningen: Keres Attack} (7... Be7 8. g5 Nfd7 9. Be3 b5 10. a3 Bb7 11. h4 Nc6 12. Rg1 Nc5 13. f3 O-O 14. h5 d5 15. exd5 exd5 16. Nxc6 Bxc6 {1-0 (67) Wang,H (2730)-Yilmaz,M (2636) St Petersburg 2018}) 8. Nde2 Nxe4 9. Nxe4 dxe4 10. Qxd8+ Kxd8 {LiveBook: 17 Games} 11. Bd2 Bd7 $146 ({Predecessor:} 11... Bc5 12. O-O-O Ke7 13. Nc3 e3 14. fxe3 Bd7 15. Bd3 {1-0 (44) Ameir,M (2395)-Ashraf,S (2266) Alexandria 2017}) 12. Bg2 Bc5 13. Bxe4 Bc6 14. Ng3 Ke7 15. O-O-O f6 16. f4 Bf2 {The position is equal.} 17. Bxc6 Nxc6 18. Ne4 Ba7 19. f5 Rhd8 20. fxe6 Kxe6 21. Rhe1 Ne5 22. Bf4 Rxd1+ 23. Rxd1 Nf7 24. Ng3 Bb8 (24... Bf2 {is interesting.} 25. Nf5 g6 26. Rf1 Bc5 27. Ng3 Bd6) 25. Bxb8 Rxb8 $11 {[%mdl 4096] Endgame KRN-KRN} 26. Nh5 Rg8 27. Nf4+ Ke7 28. Rd3 Rd8 29. Re3+ Ne5 30. Nd3 Rd5 31. Nxe5 {Precision: White = 59%, Black = 63%.} 1/2-1/2

[Event "17th Aeroflot Open-A 2019"]
[Site "Moscow"]
[Date "2019.02.23"]
[Round "4.29"]
[White "Goganov, Aleksey"]
[Black "Liu, Yan"]
[Result "1/2-1/2"]
[WhiteElo "2612"]
[BlackElo "2498"]
[Annotator "TA"]
[PlyCount "127"]
[EventDate "2019.02.19"]
[EventCountry "RUS"]
[SourceTitle "playchess.com"]
[Source "ChessBase"]
[SourceQuality "1"]

{[%evp 17,127,25,30,26,38,38,59,27,29,18,28,10,16,7,16,6,14,0,0,0,7,0,7,0,37,40,75,65,73,44,63,61,145,145,144,150,141,141,138,123,120,114,247,247,385,378,671,671,660,666,780,623,778,731,809,809,802,789,785,780,780,773,750,766,761,766,751,750,720,692,692,591,559,233,203,193,214,215,156,21,40,0,0,0,0,0,0,0,0,0,0,0,0,0,0,0,0,0,0,0,214,221,222,222,277,276,222,280,244,0,0,0]} 1. d4 Nf6 2. c4 e6 3. g3 Bb4+ 4. Bd2 a5 5. Bg2 O-O 6. Nf3 b6 7. O-O Bb7 8. Bf4 Be7 9. Nc3 Ne4 10. Qd3 {E16: Queen's Indian: 4 g3 Bb7 5 Bg2 Bb4+} Nxc3 11. bxc3 d6 $146 ({Predecessor:} 11... Qc8 12. e4 d6 13. Rfe1 a4 14. Rad1 Ra5 15. h4 Nd7 16. Nd2 Rd8 17. Nf1 h6 {0-1 (72) Sargissian,G (2689)-Predke,A (2622) St Petersburg 2018}) 12. e4 {White is slightly better.} (12. Ng5 $5 Bxg5 13. Bxb7 $14) 12... a4 13. h4 Nd7 14. Rad1 Ra5 15. Rfe1 Qa8 16. Bg5 Re8 17. Bxe7 Rxe7 18. Nd2 Re8 19. f3 Ba6 20. f4 Bb7 21. g4 f5 22. gxf5 exf5 23. d5 Nc5 24. Qg3 fxe4 (24... Qd8 $14) 25. Nxe4 $16 Nxe4 26. Bxe4 Qd8 27. Qg4 Ra8 28. Qh5 $1 {[%cal Rh5h7]} h6 29. Bd3 $1 Kf8 (29... a3 $16) 30. Bg6 $1 $18 {[%cal Rg6e8]} Rxe1+ (30... Qd7 {was worth a try.} 31. Bxe8 (31. Rxe8+ Rxe8 32. Bxe8 Qxe8 $18) 31... Rxe8 32. Rxe8+ Qxe8 33. Qxe8+ Kxe8 34. Re1+ Kf8) 31. Rxe1 Qf6 $2 (31... Ba6 32. Re8+ Qxe8 33. Qf5+ (33. Bxe8 Rxe8 34. Qf5+ Ke7 $16) 33... Kg8 34. Bxe8 Rxe8) 32. Re6 $1 {[%cal Re6f6]} Qxf4 33. Qe2 $1 Qg3+ 34. Kf1 $1 Qh3+ 35. Ke1 $1 Qxh4+ 36. Kd1 {Re8+ would kill now.} Qd8 37. Qf2+ Kg8 38. Qf7+ $1 Kh8 39. Bd3 ({And not} 39. Re7 Qg8 $11) 39... Qg8 40. Qf4 {White threatens Rxh6+! and mate.} Qf8 41. Qe4 {[%csl Gd3][%cal Re4h7]} Qg8 42. Qd4 {White wants to mate with Rxh6+.} Qf7 43. Rxh6+ $1 Kg8 44. Rh2 {Bh7+ is the strong threat.} Qf3+ 45. Kc1 (45. Kc2 $142 {Black must now prevent Bh7+.} Qg3 46. Bh7+ Kh8 47. Qd2) 45... Qg3 46. Bh7+ $1 {[%mdl 1024] White has strong compensation.} Kf7 ({Don't blunder} 46... Kh8 $2 47. Rh1 $18) 47. Rf2+ Ke7 {[#]} 48. Re2+ (48. Qe4+ $1 $16 Qe5 49. Qf3) 48... Kd8 $11 49. Kc2 Kc8 $1 50. Qe4 {[%cal Re4e8]} Kb8 51. Qe8+ $40 {[%mdl 128] White mounts an attack.} Ka7 52. Qxa4+ Ba6 53. Bd3 Rf8 54. Qc6 Rf7 55. Re8 {[%csl Gc6][%cal Re8a8]} Bb7 56. Qa4+ Ba6 57. Be2 {Hoping for c5!} Rf2 58. Re7 Qg4 $2 (58... Qh4 $11 {and Black stays safe.} 59. Rxc7+ Kb8) 59. Rxc7+ $18 Kb8 60. Qe8+ Bc8 61. Kb3 Qf5 {[#]} 62. Bd3 $1 {[%cal Rd3f5][%mdl 512]} Qg4 {[#]} (62... Qxd3 63. Qxc8#) 63. Be2 $2 ({Better is} 63. Bc2 $1 $18 {[%mdl 512] Threatening mate with Qc6.} Kxc7 64. Qc6+ Kb8 65. Qxb6+ {[%mdl 64] Double Attack} Bb7 66. Qxf2) 63... Qf5 $11 {[#]} 64. Bd3 $1 {[%mdl 512] Accuracy: White = 54%, Black = 54%.} 1/2-1/2

[Event "17th Aeroflot Open-A 2019"]
[Site "Moscow"]
[Date "2019.02.23"]
[Round "4.30"]
[White "Idani, Pouya"]
[Black "Afanasiev, Nikita"]
[Result "1-0"]
[WhiteElo "2604"]
[BlackElo "2508"]
[Annotator "TA"]
[PlyCount "55"]
[EventDate "2019.02.19"]
[EventCountry "RUS"]
[SourceTitle "playchess.com"]
[Source "ChessBase"]
[SourceQuality "1"]

{[%evp 9,55,28,41,11,52,6,18,10,18,13,20,19,20,28,25,12,1,0,9,21,55,45,55,42,48,72,93,89,231,229,219,208,259,237,277,303,304,304,311,285,536,529,553,544,544,514,508,429]} 1. e4 d6 2. d4 Nf6 3. Nc3 e5 4. Nge2 c6 5. h3 (5. g3 g6 6. Bg2 Bg7 7. O-O O-O 8. h3 b5 9. a3 Bb7 10. f4 exd4 11. Nxd4 Re8 12. Nde2 a5 13. e5 Qb6+ 14. Qd4 c5 15. Qf2 dxe5 16. fxe5 Rxe5 17. Bf4 Re8 {0-1 (47) Vitiugov,N (2734)-Bologan,V (2672) Khanty-Mansiysk 2013}) 5... h5 6. g3 {B07: Pirc Defence: Miscellaneous Systems} Nbd7 7. Bg2 b5 8. a3 {The position is equal.} Rb8 $146 ({Predecessor:} 8... Bb7 9. O-O Be7 10. Be3 a6 11. Qd2 Qc7 12. b3 g6 {0-1 (40) Den Hartog,M (2183)-Kerigan,D (2318) Wachtebeke 2017}) 9. O-O a5 10. d5 Bb7 11. dxc6 Bxc6 12. Be3 Be7 13. Nd5 Bxd5 14. exd5 Qc7 15. Nc3 $36 {[%mdl 2048] White fights for an advantage.} b4 16. axb4 axb4 17. Ra7 Qc8 18. Na2 Nc5 (18... b3 $16 {keeps fighting.}) 19. Qe1 $18 b3 20. Nb4 {And now Nc6 would win.} Nfd7 21. cxb3 Bd8 22. Qc3 O-O 23. Ra3 f5 24. Nc6 f4 $2 {[#]} (24... Ra8 {is a better defense.} 25. b4 Na4) 25. gxf4 {White is clearly winning.} exf4 26. Bd4 Nf6 27. Nxb8 Qxb8 28. Re1 {Accuracy: White = 78%, Black = 40%.} 1-0

[Event "17th Aeroflot Open-A 2019"]
[Site "Moscow"]
[Date "2019.02.23"]
[Round "4.31"]
[White "Sargsyan, Shant"]
[Black "Jumabayev, Rinat"]
[Result "1-0"]
[WhiteElo "2488"]
[BlackElo "2604"]
[Annotator "TA"]
[PlyCount "67"]
[EventDate "2019.02.19"]
[EventCountry "RUS"]
[SourceTitle "playchess.com"]
[Source "ChessBase"]
[SourceQuality "1"]

{[%evp 14,67,28,27,38,26,28,8,16,18,24,18,20,0,90,79,91,83,83,75,84,82,81,81,84,72,74,56,69,102,94,60,84,8,28,7,8,0,0,0,0,3,66,30,31,40,39,29,43,0,848,842,29973,29972,29968,29966]} 1. Nf3 c5 2. c4 Nf6 3. d4 cxd4 4. Nxd4 e5 5. Nb5 d5 6. cxd5 Bc5 7. g3 O-O 8. N5c3 Qb6 {A31: Symmetrical English: 2 Nf3 Nf6 3 d4} (8... Ng4 9. e3 f5 10. Be2 Nd7 11. a3 Ndf6 12. b4 Bb6 13. h3 Nh6 14. Qb3 Kh8 15. Ra2 Bd7 16. Nd2 f4 17. exf4 exf4 {0-1 (30) Kobo,O (2500)-Paravyan,D (2613) Batumi 2018}) 9. e3 e4 10. Nd2 Bb4 $146 {The position is equal.} ({Predecessor:} 10... Bf5 11. a3 Rd8 12. Bg2 Nxd5 13. Nxd5 Rxd5 14. Qa4 Nc6 15. O-O Rad8 16. Nxe4 {1-0 (76) Vakhidov,J (2494)-Jackson,J (2313) Birmingham 2015}) 11. Bg2 Bf5 12. O-O {[%cal Rc3e4]} Re8 $1 13. Nc4 Qa6 {[#]} (13... Qc7 $11 14. Qd4 Na6) 14. Qb3 $1 $36 {[%cal Rb3b4][%mdl 2048] Keeping Black busy.} Bxc3 15. bxc3 Rc8 16. Nd2 Nbd7 17. c4 Ne5 {[%cal Re5c4]} 18. Bb2 Nxc4 19. Nxc4 Qxc4 20. Bxf6 Qxb3 21. axb3 gxf6 22. d6 Rc3 23. Rfb1 (23. Ra5 $16 Bg6 24. h4) 23... a5 24. Ra4 Bd7 25. Rd4 ({But not} 25. Bxe4 Bxa4 26. Bxb7 Rd8 $17) 25... f5 26. g4 fxg4 27. Bxe4 Ra7 (27... Kg7 $11) 28. Rc4 (28. h3 $5) 28... Rxc4 29. bxc4 Bc6 30. Bxc6 bxc6 $11 {KR-KR} 31. Rb6 a4 $2 {[%mdl 8192]} (31... Kf8 $11) 32. Rxc6 $18 a3 {[#]} 33. Rc7 $1 Ra8 34. d7 {Accuracy: White = 49%, Black = 60%.} 1-0

[Event "17th Aeroflot Open-A 2019"]
[Site "Moscow"]
[Date "2019.02.23"]
[Round "4.32"]
[White "Gordievsky, Dmitry"]
[Black "Tahbaz, Arash"]
[Result "1-0"]
[WhiteElo "2603"]
[BlackElo "2484"]
[Annotator "TA"]
[PlyCount "45"]
[EventDate "2019.02.19"]
[EventCountry "RUS"]
[SourceTitle "playchess.com"]
[Source "ChessBase"]
[SourceQuality "1"]

{[%evp 21,45,13,18,17,32,11,12,12,14,10,8,24,21,17,18,0,0,0,0,0,0,-84,0,-1,288,261]} 1. Nf3 Nf6 2. c4 e6 3. g3 d5 4. b3 Be7 5. Bg2 O-O 6. Bb2 b6 7. O-O Bb7 8. e3 c5 9. Nc3 Nbd7 10. Qe2 Rc8 11. d3 Qc7 12. Nh4 {A14: English Opening: 1...e6 with b3 by White} dxc4 13. bxc4 (13. dxc4 {keeps more tension.} Bxg2 14. Nxg2 Qb7 15. e4 Ne5 16. f4) 13... Bxg2 14. Nxg2 {The position is equal.} Nb8 15. f4 {[#]} Rcd8 $146 ({Predecessor:} 15... Nc6 16. g4 Nd7 17. f5 Bf6 18. Nf4 Rce8 19. Nb5 Qb8 20. Bxf6 Nxf6 {0-1 (62) Margvelashvili,G (2530)-Li,R (2564) chess.com INT 2017}) 16. g4 Nc6 17. Rad1 Ne8 18. f5 Bf6 19. g5 Bxg5 20. fxe6 fxe6 21. Rxf8+ Kxf8 22. Qg4 $1 {[%cal Rg4g5]} Qe7 $2 {[%mdl 8192] [#]} (22... Bf6 $11 {and Black is okay.}) 23. Qf3+ {[%mdl 64] Double Attack. Accuracy: White = 81%, Black = 61%.} 1-0

[Event "17th Aeroflot Open-A 2019"]
[Site "Moscow"]
[Date "2019.02.23"]
[Round "4.33"]
[White "Murzin, Volodar"]
[Black "Yuffa, Daniil"]
[Result "1/2-1/2"]
[WhiteElo "2337"]
[BlackElo "2578"]
[Annotator "TA"]
[PlyCount "95"]
[EventDate "2019.02.19"]
[EventCountry "RUS"]
[SourceTitle "playchess.com"]
[Source "ChessBase"]
[SourceQuality "1"]

{[%evp 13,95,26,22,19,13,20,28,47,62,75,61,53,41,25,29,40,22,40,79,26,104,0,0,0,85,76,96,56,61,68,131,96,183,0,94,14,14,15,17,25,40,32,25,18,14,14,21,7,16,-81,0,0,0,0,0,0,0,-6,-4,-10,-10,-17,-5,-16,0,0,0,0,0,0,0,0,0,0,0,0,0,0,0,0,0,0,0,0]} 1. e4 Nf6 2. e5 Nd5 3. d4 d6 4. Nf3 g6 5. Bc4 Nb6 6. Bb3 Bg7 7. O-O O-O 8. c3 {B04: Alekhine's Defence: 4 Nf3} (8. Re1 dxe5 9. Nxe5 Bxe5 10. dxe5 Qxd1 11. Rxd1 Nc6 12. Bh6 Re8 13. Nc3 Bf5 14. Bf4 Na5 15. Nb5 Nxb3 16. cxb3 {½-½ (32) Svetushkin,D (2592)-Yuffa,D (2563) Porto Carras 2018}) 8... a5 9. a4 Na6 $146 ({Predecessor:} 9... Bg4 10. exd6 exd6 11. h3 {1-0 (55) Raetsch,K-Feiertag,A Bad Laasphe 1994}) 10. Re1 {White has an edge.} dxe5 11. Nxe5 e6 12. Na3 {[%cal Bb1a3,Ba3b5,Bb5d4][%mdl 32]} c5 13. Nb5 cxd4 14. Nxd4 Nc5 15. Bc2 Qd5 16. Qe2 (16. Bf4 $16) 16... Nbd7 (16... Qxe5 $11 17. Qxe5 Bxe5 18. Rxe5 Nd5) 17. Bf4 ({White should try} 17. Nc4 $16) 17... Nxe5 $11 18. Bxe5 b6 (18... Qxe5 $11 {remains equal.} 19. Qxe5 Bxe5 20. Rxe5 b6) 19. Bxg7 $16 Kxg7 20. Rad1 {[#] aiming for Nf5+!} Qg5 $1 21. Nf3 Qf6 ({Black should play} 21... Qe7 $14) 22. Rd6 Rb8 (22... Bb7 $16) 23. Qe5 $2 (23. Qe3 $18) 23... Bd7 (23... Qxe5 $11 24. Nxe5 b5) 24. b4 (24. Qe3 $16) 24... Bxa4 $11 25. bxc5 Bxc2 26. cxb6 Rfc8 27. Qxa5 {Hoping for Rd7.} Qxc3 28. Qe5+ Qxe5 29. Nxe5 Ba4 $1 30. Ra1 Be8 31. Nd3 {[#]} (31. f4 $11 {keeps the balance.}) 31... Kf6 ({Better is} 31... Rc6 $1 $17 {[%cal Rc6d6]} 32. Rxc6 Bxc6) 32. Rb1 $1 {The position is equal.} Ke7 33. Rd4 Rc3 34. h3 Rb7 35. Nc1 Bc6 36. Na2 Rc5 37. Rdb4 Rg5 38. g3 Rc5 39. Nc1 Kd6 (39... Bd5 {seems wilder.} 40. Nb3 Rc2 41. h4 Kd6 42. Na5 Rb8) 40. Nb3 Rd5 41. Nd4 Bd7 42. Nc2 Bc6 43. Nd4 Bd7 44. Nc2 Bc6 45. Nd4 Bd7 46. Nc2 Bc6 47. Nd4 Bd7 48. Nc2 {Accuracy: White = 48%, Black = 44%.} 1/2-1/2

[Event "17th Aeroflot Open-A 2019"]
[Site "Moscow"]
[Date "2019.02.23"]
[Round "4.34"]
[White "Vaibhav, Suri"]
[Black "Harika, Dronavalli"]
[Result "1-0"]
[WhiteElo "2575"]
[BlackElo "2471"]
[Annotator "TA"]
[PlyCount "111"]
[EventDate "2019.02.19"]
[EventCountry "RUS"]
[SourceTitle "playchess.com"]
[Source "ChessBase"]
[SourceQuality "1"]

{[%evp 13,111,29,50,21,42,41,34,37,68,65,72,50,58,43,51,32,29,4,3,16,28,25,34,33,45,37,46,25,76,71,76,73,75,50,52,45,45,21,21,16,25,5,65,67,72,64,61,76,88,98,174,157,176,117,106,86,86,87,95,20,16,16,27,10,13,0,13,18,10,13,13,25,23,0,0,0,0,0,0,0,0,0,257,241,212,191,466,438,790,820,783,813,799,810,801,773,782,737,29985,29985]} 1. e4 g6 2. d4 Bg7 3. Nc3 c6 4. Nf3 d6 5. Be3 Nf6 6. Qd2 Nbd7 7. Bh6 O-O 8. h4 {B08: Pirc Defence: Classical System} (8. e5 dxe5 9. dxe5 Bxh6 10. Qxh6 Ng4 11. Qg5 Qb6 12. O-O-O Nxf2 13. Bc4 Nxd1 14. Rxd1 Kg7 15. Bxf7 Kxf7 {0-1 (47) Stefanova,A (2481)-Vocaturo,D (2620) Batumi 2018}) 8... Bxh6 9. Qxh6 {Ng5 is the strong threat.} Ng4 10. Qd2 {White is slightly better.} e5 $146 ({Predecessor:} 10... h5 11. Ng5 e5 12. g3 Ngf6 13. O-O-O b5 14. Kb1 b4 15. Ne2 c5 16. dxc5 dxc5 17. Nc1 Qc7 18. Be2 Nb6 19. Qd6 Ne8 20. Qxc7 {½-½ (20) Goutali,T (2283)-Haddouche,M (2402) Tipaza 2010}) 11. h5 Nb6 12. hxg6 (12. O-O-O {with more complications.} Qf6 13. d5 cxd5 14. exd5 Bd7 15. Ne4) 12... fxg6 13. dxe5 dxe5 14. Qxd8 (14. Nd1 {looks sharper.} Qe7 15. a4 a5 16. Qc3 Be6 17. Nxe5 Nxe5 18. Qxe5 Nd7 19. Qc3) 14... Rxd8 15. Rd1 (15. a4 {keeps more tension.} a5 16. Be2 Kg7 17. b3 h6 18. Nd1) 15... Rxd1+ 16. Nxd1 Bd7 17. b3 Kg7 18. Nb2 Re8 19. Nd3 Bc8 20. g3 Nf6 (20... Nd5 $11) 21. Nd2 $1 $16 (21. Ndxe5 g5 $15) (21. Nfxe5 $6 Nxe4 22. Bg2 Bf5 $11) 21... Be6 22. Nc5 (22. Nxe5 Bd5 $11) 22... Bc8 23. Bg2 Nbd7 24. Nd3 b6 25. Ke2 Ba6 26. c4 c5 27. Nb1 b5 (27... Nb8 $11) 28. cxb5 $14 Bxb5 29. Na3 Bxd3+ 30. Kxd3 Re6 31. Nc4 Nb8 (31... Ra6 $16 {was necessary.}) 32. Bh3 $18 Re8 33. Na5 (33. Ke3 $18) 33... Na6 $16 34. Nc6 c4+ 35. Ke3 Nc5 36. Rc1 (36. Nxa7 Ra8 $17) (36. f3 $16) 36... Ncxe4 $11 37. Rxc4 Ng5 $1 {[%cal Rg5h3]} 38. Bg2 e4 39. Nxa7 Rf8 40. f4 exf3 $1 41. Bxf3 Re8+ 42. Kf2 Rd8 43. Rc2 Rd3 44. Bc6 Nfe4+ 45. Ke2 Rxg3 46. b4 h5 47. b5 {And now b6 would win.} h4 $2 {[%mdl 8192]} (47... Rg2+ $1 $11 48. Kd3 Rxc2 49. Kxc2 h4) 48. b6 $18 Rg2+ {[#]} 49. Ke3 $1 {[%mdl 64] Discovered Attack} h3 $2 (49... Rg3+ 50. Kd4 Nd6) 50. b7 {Strongly threatening Rc1.} ({And not} 50. Bxe4 Rxc2 51. Bxc2 h2 $11) 50... h2 (50... Rxc2 $142 51. b8=Q Rc3+ 52. Kf4 Rf3+ 53. Kg4 h2 54. Qxh2 Nf6+ 55. Kxg5 Rf5+ 56. Kh4 Rh5+ 57. Kg3 Rxh2) 51. Rc1 ({Not} 51. Rxg2 h1=Q $11) 51... Rg3+ {[#]} 52. Kf4 $1 Rg1 53. Bxe4 ({Weaker is} 53. b8=Q h1=Q $11) 53... Nxe4 54. b8=Q {White wants to mate with Rc7+.} Rxc1 55. Qb2+ {[%mdl 64] Double Attack} Nf6 56. Qxc1 {Accuracy: White = 56%, Black = 54%.} 1-0

[Event "17th Aeroflot Open-A 2019"]
[Site "Moscow"]
[Date "2019.02.23"]
[Round "4.35"]
[White "Yakubboev, Nodirbek"]
[Black "Flom, Gabriel"]
[Result "1-0"]
[WhiteElo "2569"]
[BlackElo "2460"]
[Annotator "ChessBase"]
[PlyCount "89"]
[EventDate "2019.02.19"]
[EventCountry "RUS"]
[SourceTitle "playchess.com"]
[Source "ChessBase"]
[SourceQuality "1"]
[TimeControl "40/5400+30:1800+30"]

1. e4 {[%emt 0:01:11]} e6 {[%emt 0:09:48]} 2. d4 {[%emt 0:07:23]} d5 {[%emt 0:00:13]} 3. e5 {[%emt 0:02:59]} c5 {[%emt 0:00:17]} 4. c3 {[%emt 0:00:09]} Nc6 {[%emt 0:00:10]} 5. Nf3 {[%emt 0:00:47]} Qb6 {[%emt 0:00:21]} 6. a3 {[%emt 0:00:32]} Nh6 {[%emt 0:00:42]} 7. b4 {[%emt 0:05:22]} cxd4 {[%emt 0:00:13]} 8. Bxh6 {[%emt 0:00:07]} gxh6 {[%emt 0:00:20]} 9. cxd4 {[%emt 0:00:04]} Bd7 {[%emt 0:03:54]} 10. Ra2 {[%emt 0:11:18]} Rg8 {[%emt 0:00:27]} 11. g3 {[%emt 0:02:18]} h5 {[%emt 0:19:55]} 12. Be2 {[%emt 0:06:54]} h4 {[%emt 0:00:15]} 13. Rd2 {[%emt 0:03:25]} Be7 {[%emt 0:09:21]} 14. Nc3 {[%emt 0:07:35]} Nd8 {[%emt 0:10:35]} 15. Na4 {[%emt 0:08:32]} Bxa4 {[%emt 0:00:21]} 16. Qxa4+ {[%emt 0:00:03]} Kf8 {[%emt 0:05:13]} 17. O-O {[%emt 0:05:36]} Rc8 {[%emt 0:08:29]} 18. Rc2 {[%emt 0:01:17]} Rxc2 {[%emt 0:00:17]} 19. Qxc2 {[%emt 0:00:02]} a5 {[%emt 0:04:04]} 20. Qxh7 {[%emt 0:09:29]} axb4 {[%emt 0:00:10]} 21. axb4 {[%emt 0:00:01]} hxg3 {[%emt 0:02:01]} 22. hxg3 {[%emt 0:00:02]} Qxb4 {[%emt 0:01:25]} 23. Kg2 {[%emt 0:01:49]} Qb6 {[%emt 0:03:13]} 24. Rb1 {[%emt 0:03:27]} Qc7 {[%emt 0:01:28]} 25. Ra1 {[%emt 0:01:21]} Qb8 {[%emt 0:06:07]} 26. Bb5 {[%emt 0:01:26]} Nc6 {[%emt 0:00:11]} 27. Ra2 {[%emt 0:05:12]} Rg7 {[%emt 0:01:17]} 28. Qh6 {[%emt 0:00:24]} Kg8 {[%emt 0:00:39]} 29. Rc2 {[%emt 0:01:43]} Na7 {[%emt 0:10:33]} 30. Bd3 {[%emt 0:01:31]} Nc6 {[%emt 0:00:09]} 31. Rc1 {[%emt 0:02:11]} Kf8 {[%emt 0:01:22]} 32. Rh1 {[%emt 0:01:04]} Qd8 {[%emt 0:00:47]} 33. Qf4 {[%emt 0:03:59]} Ke8 {[%emt 0:01:44]} 34. Rh8+ {[%emt 0:02:10]} Bf8 {[%emt 0:00:07]} 35. Kh3 {[%emt 0:01:53]} Kd7 {[%emt 0:00:51]} 36. Qf6 {[%emt 0:01:05]} Ne7 {[%emt 0:00:26]} 37. Ng5 {[%emt 0:01:11]} Ng8 {[%emt 0:00:34]} 38. Qxd8+ {[%emt 0:01:43]} Kxd8 {[%emt 0:00:06]} 39. Nh7 {[%emt 0:01:01]} Ke7 {[%emt 0:00:53]} 40. f4 {[%emt 0:00:00]} b5 {[%emt 0:00:00]} 41. Bxb5 {[%emt 0:08:14]} Rg6 {[%emt 0:00:11]} 42. Bd3 {[%emt 0:00:21]} Rh6+ {[%emt 0:00:18]} 43. Kg2 {[%emt 0:00:16]} f5 {[%emt 0:00:06]} 44. exf6+ {[%emt 0:00:47]} Nxf6 {[%emt 0:00:39]} 45. Nxf8 {[%emt 0:00:20]} 1-0